| 000 | 00774nem a2200193 i 4500 | ||
|---|---|---|---|
| 001 | 167809 | ||
| 003 | ES-MaACL | ||
| 005 | 20251014063246.0 | ||
| 008 | 050928s1843 fr ab | |0| ||fre d | ||
| 100 | 1 |
_aVuillemin, Alexandre, _dn. 1812 _9133836 |
|
| 245 | 1 | 0 |
_aAtlas universel de géographie ancienne et moderne à l'usage des pensionnats [ _hMaterial cartográfico] / _cpar Vuillemin, élève de Dufour. |
| 260 |
_aParis : _bJ. Langlumé et Peltier, éditeurs, _c1843 ( _fImp. de Moquet et Hauquelin) |
||
| 300 |
_a1 atlas ([4] p., 50 h. de mapas) ; _c25 x 32 cm. |
||
| 599 | _aLas h. de mapas cromolit. | ||
| 650 | 7 |
_aAtlas _2embne _910407 |
|
| 650 | 7 |
_aGeografía antigua _2embne _9136173 |
|
| 852 |
_aES-MaACL _jC-1624 _z- Enc. hol. |
||
| 999 |
_c167809 _d167809 |
||